| 000 -LEADER |
| fixed length control field |
01063cam a2200277 4500 |
| 020 ## - INTERNATIONAL STANDARD BOOK NUMBER |
| ISBN |
9789742866143 (v. 10, pt. 1) |
| 020 ## - INTERNATIONAL STANDARD BOOK NUMBER |
| ISBN |
9789742867881 (v. 10, pt. 2) |
| 020 ## - INTERNATIONAL STANDARD BOOK NUMBER |
| ISBN |
9789742867898 (v. 10, pt. 3) |
| 020 ## - INTERNATIONAL STANDARD BOOK NUMBER |
| ISBN |
9789742868741 (v. 10, pt. 4) |
| 020 ## - INTERNATIONAL STANDARD BOOK NUMBER |
| ISBN |
9789742868932 (v. 11, pt. 1) |
| 020 ## - INTERNATIONAL STANDARD BOOK NUMBER |
| ISBN |
9789742869809 (v. 11, pt. 2) |
| 020 ## - INTERNATIONAL STANDARD BOOK NUMBER |
| ISBN |
9786163160515 (v. 11, pt. 3) |
| 020 ## - INTERNATIONAL STANDARD BOOK NUMBER |
| ISBN |
9789742869083 (v. 12, pt. 1) |
| 020 ## - INTERNATIONAL STANDARD BOOK NUMBER |
| ISBN |
9786163162885 (v. 13, pt. 1) |
| 040 ## - CATALOGING SOURCE |
| Transcribing agency |
DLC |
| 082 00 - DEWEY DECIMAL CLASSIFICATION NUMBER |
| Classification number |
581 APP 2015 C166 Or. |
| 245 00 - TITLE STATEMENT |
| Title |
Flora of Thailand / |
| 260 ## - PUBLICATION, DISTRIBUTION, ETC. (IMPRINT) |
| Place of publication |
Bangkok : |
| Name of publisher |
Applied Scientific Research Corporation of Thailand, |
| Year of publication |
<1970-2015> |
| 300 ## - PHYSICAL DESCRIPTION |
| Number of Pages |
: |
| Other physical details |
ill., map ; |
| Dimensions |
27 cm. |
| 500 ## - GENERAL NOTE |
| General note |
Cover title. |
| 500 ## - GENERAL NOTE |
| General note |
Later v. published by: Forest Herbarium, Royal Forest Dept. |
| 650 #0 - SUBJECT ADDED ENTRY--TOPICAL TERM |
| Topical Term |
Botany |
| 700 0# - ADDED ENTRY--PERSONAL NAME |
| Personal name |
Tem Smitinand. |
| 700 1# - ADDED ENTRY--PERSONAL NAME |
| Personal name |
Larsen, Kai. |
| 942 ## - ADDED ENTRY ELEMENTS (KOHA) |
| Koha item type |
សៀវភៅភាសាអង់គ្លេស |
| 952 ## - LOCATION AND ITEM INFORMATION (KOHA) |
| Withdrawn status [LOCAL, KOHA] |
0 |
| 952 ## - LOCATION AND ITEM INFORMATION (KOHA) |
| Withdrawn status [LOCAL, KOHA] |
0 |
| 952 ## - LOCATION AND ITEM INFORMATION (KOHA) |
| Withdrawn status [LOCAL, KOHA] |
0 |
| 952 ## - LOCATION AND ITEM INFORMATION (KOHA) |
| Withdrawn status [LOCAL, KOHA] |
0 |